书目信息 |
| 题名: |
论学者的使命人的使命
|
|
| 作者: | 费希特 ;梁志学沈真 | |
| 分册: | ||
| 出版信息: | 北京 商务印书馆 1984 |
|
| 页数: | 218 | |
| 开本: | 20cm | |
| 丛书名: | 汉译世界学术名著丛书 | |
| 单 册: | ||
| 中图分类: | B0 , B361 | |
| 科图分类: | ||
| 主题词: | 哲学--亚洲 | |
| 电子资源: | ||
| ISBN: | 7-100-02387-4 | |
| 000 | 00706nam0 2200229 450 | |
| 001 | 2637023931 | |
| 005 | 20260414101852.43 | |
| 010 | @a7-100-02387-4@dCNY9.70 | |
| 100 | @a20070904d km y0chiy0120 ea | |
| 101 | 0 | @achi |
| 200 | 1 | @a论学者的使命人的使命@Alun xue zhe de shi ming ren de shi ming@f费希特@Ffei xi te@g梁志学沈真@Gliang zhi xue shen zhen |
| 210 | @a北京@c商务印书馆@d1984 | |
| 215 | @a218@c9.70@d20cm | |
| 225 | 2 | @a汉译世界学术名著丛书 |
| 410 | 0 | @12001 @a汉译世界学术名著丛书 |
| 606 | 0 | @a哲学@x亚洲 |
| 690 | @aB0@v3 | |
| 690 | @aB361@v4 | |
| 701 | 0 | @a费希特@Afei xi te |
| 702 | 0 | @a梁志学沈真@Aliang zhi xue shen zhen |
| 801 | 0 | @aCN@bPFT@c20070904 |
| 905 | @a213230@dB361@e37@f1 | |
| 论学者的使命人的使命/费希特/梁志学沈真.-北京:商务印书馆,1984 |
| 218:9.70;20cm.-(汉译世界学术名著丛书) |
| ISBN 7-100-02387-4:CNY9.70 |
| ● |
| 相关链接 |
|
|
|
|
正题名:论学者的使命人的使命
索取号:B361/37
 
预约/预借
| 序号 | 登录号 | 条形码 | 馆藏地/架位号 | 状态 | 备注 |
| 1 | 1442601 | 214426012 | 第一样本阅览室/ [索取号:B361/37] | 在馆 |